Normal view
MARC view
- Communication Skills For Engineering
Entry Topical Term
001 - CONTROL NUMBER
- control field: 122699
003 - CONTROL NUMBER IDENTIFIER
- control field: NUST
005 - DATE AND TIME OF LATEST TRANSACTION
- control field: 20240516115739.0
008 - FIXED-LENGTH DATA ELEMENTS
- fixed length control field: 240516|| aca||aabn | a|a d
040 ## - CATALOGING SOURCE
- Original cataloging agency: NUST
- Transcribing agency: NUST
150 ## - HEADING--TOPICAL TERM
- Topical term or geographic name entry element: Communication Skills For Engineering
670 ## - SOURCE DATA FOUND
- Source citation: Work cat.: (NUST): Mishra Sunita 106674, Communication Skills For Engineering, 2009.
